| 000 | 00985cam a22003017a 4500 | ||
|---|---|---|---|
| 003 | CHAP | ||
| 005 | 20220329134841.0 | ||
| 008 | 971013s r 00010 d | ||
| 010 | _a26925 | ||
| 011 | _a27897 | ||
| 035 | _a31998 | ||
| 040 | _cCHAP | ||
| 090 | _aFolleto 392 | ||
| 100 | 0 | 0 |
_aKearl, Bryant E. _962862 |
| 245 | 0 | _aCuál debe ser la función de las ciencias sociales en un colegio de agricultura? | |
| 260 |
_a(s.l.) : _b(s.e.), _c(s.a.) |
||
| 300 | _a20 h. | ||
| 500 | _aDiscurso pronuciado en el Colegio de Postgraduados... 4 de octubre de 1965 | ||
| 590 |
_aBATCH-UPD _b10 _c20130110 _lUCH01 _h1252 |
||
| 590 |
_aBATCH-UPD _b10 _c20130410 _lUCH01 _h0814 |
||
| 590 |
_aBATCH-UPD _b10 _c20130914 _lUCH01 _h2029 |
||
| 590 |
_aCONVERSION _b10 _c20130109 _lUCH01 _h1315 |
||
| 650 | 1 | 4 |
_aSociología rural. _9108215 |
| 901 | _aBK | ||
| 942 | _cFOLL | ||
| 949 |
_aFolleto 392 _bBC _cFOLL _d-74084 _eTS1 _i31998 _si |
||
| 949 |
_aFolleto 392 _bBC _cFOLL _d-74085 _eTS2 _fc.2 _i31998 _si |
||
| 999 |
_c26925 _d26925 |
||